| 000 | 00251 a2200109 4500 | ||
|---|---|---|---|
| 999 |
_c243385 _d243385 |
||
| 001 | 8312 | ||
| 003 | NUST | ||
| 005 | 20180118185544.0 | ||
| 008 | 180118b xxu||||| |||| 00| 0 eng d | ||
| 082 | _a923.5 YOU | ||
| 100 |
_aYoung, D _98971 |
||
| 245 |
_aRommel (Transfered to SOA) _hEnglish |
||
| 260 |
_bCollins _a1954 |
||
| 942 |
_aNUST-CAE _cBK _cBK _k923.5 YOU _2ddc |
||